000 00944nam0a22002651 4500
001 rc\2836882
005 20250529202218.0
035 _a(NLR Aleph) 006994603
090 _a5660296
_c5660296
100 _a20110627d1930 |||y0rusy50 ca
101 0 _arus
102 _aRU
105 _aa z |||||
200 1 _aАппараты Пате и Эрнеман
_fЛеонид Косматов и Николай Косматов. Кино-механик
205 _a3-е изд., испр.
210 _aМосква
_cТеакинопечать
_d1930
215 _a244 с.
_cил., черт.
_d17 см
225 1 _aКино-механик
_eПрактич. руководство
_vВып. 3 и 4
700 1 _aКосматов
_bЛ.В.
_gЛеонид Васильевич
701 1 _aКосматов
_bН.
_gНиколай
801 0 _aRU
_bNLR
_gpsbo
801 1 _aRU
_bELAR
_2rusmarc
852 _aNLR
_j31.16/11(3-4)
942 _cBOOK
980 _aNB